[Event "CZE-ch Youth B16 2022"]
[Site "Luhacovice"]
[Date "2022.03.16"]
[Round "6.5"]
[White "Vilimek, Vit"]
[Black "Janous, Marek"]
[Result "1/2-1/2"]
[WhiteElo "1794"]
[BlackElo "2056"]
[Annotator "TA"]
[PlyCount "237"]
[EventDate "2022.03.12"]
[EventType "swiss"]
[EventCountry "CZE"]
[SourceTitle "playchess.com"]
[Source "ChessBase"]
[SourceQuality "1"]

{[%evp 11,237,5,21,15,31,37,52,62,58,60,81,17,49,5,34,-24,-27,-26,-18,-20,-20,-44,-31,-73,-34,-28,-32,-35,-26,-56,-40,-59,-6,-7,0,0,0,0,0,0,0,-7,12,0,9,10,12,0,0,0,0,0,0,0,-4,-4,-4,-4,0,0,0,-16,0,0,0,0,0,-8,-3,-11,0,0,0,0,0,0,0,-4,-4,-16,-23,-23,-23,-8,-8,-23,-8,-8,-8,-23,-23,-151,-151,-151,-152,-152,-152,-152,-152,-152,-152,-152,-152,-152,-166,-166,-166,-152,-8,-159,-159,-159,0,0,0,0,0,0,0,0,0,0,8,0,0,0,0,0,0,0,0,0,0,0,0,0,0,0,0,0,0,0,0,0,0,0,0,0,0,0,0,0,0,0,0,0,0,0,0,0,0,0,0,0,0,0,0,0,0,0,0,0,0,0,0,0,0,0,0,0,0,0,0,0,0,0,0,0,0,0,0,0,0,0,0,0,0,0,0,0,0,0,0,0,0,0,0,0,0,0,0,0,0,0,0,0,0,0,0,0,0,0,0,0,0,0,0,0]} 1. c4 Nf6 2. Nc3 g6 3. g3 Bg7 4. Bg2 O-O 5. e3 {[%cal Be2e3,Be3e4][%mdl 32]} d6 6. Nge2 Nbd7 7. Rb1 {A16: English Opening: 1...Nf6 with ...d5.} Ne5 8. d3 $1 Bf5 9. e4 {White is slightly better.} Bg4 10. O-O Bf3 {[#]} 11. Qc2 $146 (11. Bxf3 $16 Nxf3+ 12. Kg2) ({Predecessor:} 11. Bxf3 Nxf3+ 12. Kg2 Ne5 13. f4 Nc6 14. b4 e6 15. Be3 Qd7 16. h3 Kh8 17. Qd2 {0-1 (49) Laven,R (2320)-Dietze,F Germany 1985}) 11... Nfd7 12. Be3 (12. Bxf3 $14 {is more appropriate.} Nxf3+ 13. Kg2) 12... e6 13. Nd4 (13. Bxf3 $14 Nxf3+ 14. Kg2) 13... Bxg2 $11 14. Kxg2 Ng4 15. Qe2 Nxe3+ 16. fxe3 c6 17. Nc2 (17. Nf3 $15 {was preferrable.}) 17... Qe7 (17... Bxc3 $5 18. bxc3 Nc5 $11) 18. d4 Rae8 19. Qd3 f5 20. b3 Nf6 21. Rbe1 fxe4 (21... b5 $15) 22. Nxe4 Nxe4 23. Qxe4 d5 24. Rxf8+ Qxf8 25. Qd3 Qd6 26. e4 dxe4 27. Rxe4 Rd8 28. Qe2 Kf7 29. Qe3 e5 {[%cal Re5d4]} 30. dxe5 Qd2+ 31. Qf2+ Qxf2+ 32. Kxf2 {[%mdl 4096] Endgame KRB-KRN} Rd2+ 33. Re2 Rxe2+ 34. Kxe2 Bxe5 {KB-KN} 35. Ne1 Ke6 36. Nf3 Bf6 37. h3 a6 38. Ke3 Kd6 39. Nd4 b5 40. cxb5 axb5 41. Kd3 Be5 42. g4 Kd5 43. Nc2 Bd6 44. Nd4 b4 45. Ne2 Ke5 46. Ke3 Be7 47. Kd3 c5 48. Ke3 h5 49. gxh5 gxh5 50. Kd3 Bg5 51. Kc4 (51. Ng3 $1 $11) 51... Be3 $1 $17 {Threatens to win with ...h4.} 52. Kd3 Bf2 53. Kc2 Ke4 {White must now prevent ...Kf3.} 54. Nc1 h4 55. Nd3 Bd4 56. Kd2 Kf3 57. Ne1+ Kg3 58. Ke2 Kxh3 59. Kf3 {[#]} Kh2 (59... Be5 $1 $17 {Black wants to play ...Bg3.} 60. Nd3 Bd6) 60. Ng2 $2 (60. Kg4 $11) 60... h3 61. Nf4 {[#]} Kg1 $2 (61... Be5 $1 $17 {[%cal Re5f4] ( -> ...Bxf4)} 62. Ne2 Bg7) 62. Nxh3+ $11 {The position is equal.} Kf1 63. Nf4 Ke1 64. Ke4 Kd2 65. Kd5 Kc2 66. Ne6 {[%csl LRc5,LRd4]} Bc3 67. Nxc5 Kb2 68. Kc4 Kxa2 69. Nd3 Ka3 70. Nf4 Be1 71. Ne2 Bd2 72. Nd4 Kb2 73. Ne6 Bc3 74. Nc5 Ka3 75. Nd7 Kb2 76. Nb6 Ka3 77. Nd7 Kb2 78. Nb8 Ka3 79. Nc6 Bd2 80. Nd4 Kb2 81. Ne6 Ka3 82. Ng7 Bc3 83. Nf5 $1 Bd2 84. Ng3 Bc3 85. Nf1 Be1 86. Ne3 Kb2 {To avoid Nc2} 87. Nd5 Ka3 88. Nf4 Bc3 89. Nh3 Be1 90. Nf4 Bd2 91. Ne2 Be1 92. Nd4 Kb2 {To avoid Nc2} 93. Nb5 Bd2 94. Nc7 Ka3 95. Na6 Bc3 96. Nc5 Be1 97. Ne4 Kb2 98. Nc5 {Nd3+ would kill now.} Ka3 99. Nd3 Bd2 100. Nf2 Bc3 101. Ng4 Bd2 102. Nf6 Bc3 103. Nd7 $1 Bd2 104. Nc5 Bc3 105. Ne6 Be5 106. Ng5 Bc3 107. Nf3 Kb2 108. Ng1 Ka3 109. Ne2 Bd2 110. Ng3 Bc3 111. Nf1 Be1 112. Ne3 {Intending Nc2+ and mate.} Kb2 {Inhibits Nc2.} 113. Nd5 Ka3 114. Nf4 Bc3 115. Ne2 Bd2 116. Nd4 Kb2 117. Nb5 Be1 118. Nd4 Bd2 119. Nc6 {Whites escaped into a draw.  Weighted Error Value: White=0.17 (very precise) /Black=0.12 (very precise)} 1/2-1/2

[Event "CZE-ch Youth B16 2022"]
[Site "Luhacovice"]
[Date "2022.03.16"]
[Round "6.6"]
[White "Vaclavik, Jan"]
[Black "Le, Anh Dung"]
[Result "0-1"]
[WhiteElo "1997"]
[BlackElo "1998"]
[Annotator "NA"]
[PlyCount "70"]
[EventDate "2022.03.12"]
[EventType "swiss"]
[EventCountry "CZE"]
[SourceTitle "playchess.com"]
[Source "ChessBase"]
[SourceQuality "1"]
[TimeControl "40/5400+30:1800+30"]

1. d4 {[%emt 0:00:06]} d5 {[%emt 0:00:19]} 2. c4 {[%emt 0:00:24]} c6 {[%emt 0:00:07]} 3. cxd5 {[%emt 0:00:16]} cxd5 {[%emt 0:00:06]} 4. Bf4 {[%emt 0:00:05]} Nc6 {[%emt 0:00:28]} 5. e3 {[%emt 0:00:08]} a6 {[%emt 0:00:24]} 6. Nc3 {[%emt 0:00:10]} Nf6 {[%emt 0:00:05]} 7. Nf3 {[%emt 0:00:31]} Bg4 {[%emt 0:00:13]} 8. Rc1 {[%emt 0:01:45]} e6 {[%emt 0:01:00]} 9. Be2 {[%emt 0:05:15]} Bxf3 {[%emt 0:03:38]} 10. Bxf3 {[%emt 0:00:12]} Bd6 {[%emt 0:00:32]} 11. Bxd6 {[%emt 0:07:41]} Qxd6 {[%emt 0:00:26]} 12. O-O {[%emt 0:00:12]} O-O {[%emt 0:00:07]} 13. Na4 {[%emt 0:02:23]} b5 {[%emt 0:11:29]} 14. Nc5 {[%emt 0:03:14]} Nd7 {[%emt 0:09:42]} 15. e4 {[%emt 0:08:03]} (15. Qd2 $14) 15... Nb6 {[%emt 0:02:37]} 16. Qd3 {[%emt 0:13:08]} Ra7 {[%emt 0:06:08]} (16... e5 $142) 17. Rfd1 {[%emt 0:08:25]} Rd8 {[%emt 0:08:09]} 18. b3 {[%emt 0:07:31]} Nb4 {[%emt 0:11:13]} 19. Qe2 {[%emt 0:08:00]} dxe4 {[%emt 0:06:05]} 20. Bxe4 {[%emt 0:06:09]} N4d5 {[%emt 0:01:26]} 21. Bb1 {[%emt 0:06:00]} Nf6 {[%emt 0:02:28]} 22. Qf3 {[%emt 0:18:40]} Nbd5 {[%emt 0:02:09]} 23. g3 {[%emt 0:02:03]} Rc7 {[%emt 0:07:46]} 24. Re1 {[%emt 0:00:18]} Rdc8 {[%emt 0:02:48]} 25. Rcd1 {[%emt 0:00:30]} g6 {[%emt 0:03:48]} 26. h4 {[%emt 0:00:58]} Kg7 {[%emt 0:01:24]} 27. Kh2 {[%emt 0:00:28]} b4 {[%emt 0:03:12]} 28. Rd3 {[%emt 0:01:06]} Nc3 {[%emt 0:00:48]} 29. Bc2 {[%emt 0:00:21]} Nd7 {[%emt 0:01:26]} 30. Rxc3 {[%emt 0:00:46]} bxc3 {[%emt 0:00:45]} 31. Ne4 {[%emt 0:00:22]} Qxd4 {[%emt 0:04:12]} 32. Rd1 $19 {[%emt 0:00:41]} Qe5 {[%emt 0:01:22]} 33. Qg2 {[%emt 0:00:24]} Nf6 {[%emt 0:01:27]} 34. f4 {[%emt 0:00:29]} Qa5 {[%emt 0:02:16]} 35. Ng5 {[%emt 0:00:29]} Ng4+ {[%emt 0:00:28]} 0-1

[Event "CZE-ch Youth B16 2022"]
[Site "Luhacovice"]
[Date "2022.03.16"]
[Round "6.7"]
[White "Vasinek, Martin"]
[Black "Paseka, Matyas"]
[Result "0-1"]
[WhiteElo "1594"]
[BlackElo "2058"]
[Annotator "ChessBase"]
[PlyCount "78"]
[EventDate "2022.03.12"]
[EventType "swiss"]
[EventCountry "CZE"]
[SourceTitle "playchess.com"]
[Source "ChessBase"]
[SourceQuality "1"]
[TimeControl "40/5400+30:1800+30"]

1. d4 {[%emt 0:00:04]} Nf6 {[%emt 0:00:07]} 2. c4 {[%emt 0:00:09]} g6 {[%emt 0:00:06]} 3. Nc3 {[%emt 0:00:05]} Bg7 {[%emt 0:00:06]} 4. e4 {[%emt 0:00:32]} d6 {[%emt 0:00:05]} 5. Nf3 {[%emt 0:00:37]} O-O {[%emt 0:00:07]} 6. Be2 {[%emt 0:01:22]} e5 {[%emt 0:00:07]} 7. d5 {[%emt 0:03:44]} a5 {[%emt 0:00:09]} 8. O-O {[%emt 0:00:56]} Na6 {[%emt 0:00:27]} 9. a3 {[%emt 0:02:26]} Bd7 {[%emt 0:01:14]} 10. Qc2 {[%emt 0:01:41]} a4 {[%emt 0:01:51]} 11. Be3 {[%emt 0:09:25]} Qe8 {[%emt 0:03:41]} 12. h3 {[%emt 0:06:40]} b6 {[%emt 0:05:16]} 13. b4 {[%emt 0:05:08]} axb3 {[%emt 0:00:10]} 14. Qxb3 {[%emt 0:00:11]} Nh5 {[%emt 0:01:24]} 15. Rab1 {[%emt 0:10:30]} Nf4 {[%emt 0:04:10]} 16. Bd1 {[%emt 0:02:24]} Qc8 {[%emt 0:11:40]} 17. Nd2 {[%emt 0:11:43]} Nc5 {[%emt 0:09:13]} 18. Bxc5 {[%emt 0:03:25]} bxc5 {[%emt 0:00:18]} 19. a4 {[%emt 0:09:46]} Bh6 {[%emt 0:03:26]} 20. Rb2 {[%emt 0:05:35]} Bxh3 {[%emt 0:19:18]} 21. gxh3 {[%emt 0:05:57]} Qxh3 {[%emt 0:00:08]} 22. Bf3 {[%emt 0:00:29]} Nd3 {[%emt 0:00:09]} 23. Bg2 {[%emt 0:01:58]} Qg4 {[%emt 0:00:08]} 24. Nf3 {[%emt 0:04:16]} Nxb2 {[%emt 0:01:09]} 25. Qxb2 {[%emt 0:00:09]} f5 {[%emt 0:00:17]} 26. Nh2 {[%emt 0:02:10]} Qh4 {[%emt 0:01:53]} 27. Nf3 {[%emt 0:01:21]} Qh5 {[%emt 0:00:19]} 28. Qc2 {[%emt 0:02:09]} fxe4 {[%emt 0:03:05]} 29. Nxe4 {[%emt 0:01:07]} Rxf3 {[%emt 0:02:57]} 30. Bxf3 {[%emt 0:00:47]} Qxf3 {[%emt 0:00:17]} 31. Rb1 {[%emt 0:00:46]} Rf8 {[%emt 0:01:15]} 32. Rb3 {[%emt 0:00:27]} Qh5 {[%emt 0:04:01]} 33. Rg3 {[%emt 0:00:37]} Bf4 {[%emt 0:00:26]} 34. Rg2 {[%emt 0:00:01]} Qf3 {[%emt 0:03:41]} 35. Nc3 {[%emt 0:07:06]} Kg7 {[%emt 0:03:28]} 36. a5 {[%emt 0:00:17]} Ra8 {[%emt 0:00:46]} 37. Kh1 {[%emt 0:01:19]} Rxa5 {[%emt 0:01:26]} 38. Nb1 {[%emt 0:01:34]} Ra2 {[%emt 0:01:34]} 39. Qxa2 {[%emt 0:00:26]} Qh5+ {[%emt 0:00:06]} 0-1

[Event "CZE-ch Youth B16 2022"]
[Site "Luhacovice"]
[Date "2022.03.16"]
[Round "6.8"]
[White "Dedek, Jan"]
[Black "Trojan, Matyas"]
[Result "1/2-1/2"]
[WhiteElo "1963"]
[BlackElo "1582"]
[Annotator "ChessBase"]
[PlyCount "61"]
[EventDate "2022.03.12"]
[EventType "swiss"]
[EventCountry "CZE"]
[SourceTitle "playchess.com"]
[Source "ChessBase"]
[SourceQuality "1"]
[TimeControl "40/5400+30:1800+30"]

1. d4 {[%emt 0:00:13]} d5 {[%emt 0:00:07]} 2. c4 {[%emt 0:00:29]} e6 {[%emt 0:00:33]} 3. Nc3 {[%emt 0:02:18]} a6 {[%emt 0:01:04]} 4. cxd5 {[%emt 0:00:30]} exd5 {[%emt 0:00:26]} 5. Nf3 {[%emt 0:01:18]} Nf6 {[%emt 0:01:11]} 6. Bg5 {[%emt 0:00:21]} c6 {[%emt 0:01:14]} 7. Qc2 {[%emt 0:03:11]} Be6 {[%emt 0:02:39]} 8. e3 {[%emt 0:00:07]} Nbd7 {[%emt 0:02:17]} 9. Bd3 {[%emt 0:00:25]} Bd6 {[%emt 0:02:09]} 10. O-O {[%emt 0:00:21]} Qc7 {[%emt 0:01:22]} 11. a3 {[%emt 0:04:54]} O-O {[%emt 0:01:44]} 12. b4 {[%emt 0:02:55]} h6 {[%emt 0:06:58]} 13. Bh4 {[%emt 0:00:07]} Nh5 {[%emt 0:01:21]} 14. Rab1 {[%emt 0:05:45]} g5 {[%emt 0:07:01]} 15. Bg3 {[%emt 0:00:07]} Nxg3 {[%emt 0:00:15]} 16. hxg3 {[%emt 0:00:11]} b5 {[%emt 0:03:59]} 17. Bf5 {[%emt 0:13:15]} Kg7 {[%emt 0:05:04]} 18. Bxe6 {[%emt 0:03:17]} fxe6 {[%emt 0:00:14]} 19. e4 {[%emt 0:00:54]} Nb6 {[%emt 0:02:35]} 20. exd5 {[%emt 0:02:56]} exd5 {[%emt 0:00:58]} 21. Rbe1 {[%emt 0:01:52]} Rae8 {[%emt 0:03:03]} 22. Qc1 {[%emt 0:01:44]} Nc4 {[%emt 0:09:49]} 23. Nxg5 {[%emt 0:16:52]} Rxe1 {[%emt 0:27:57]} 24. Rxe1 {[%emt 0:00:07]} hxg5 {[%emt 0:01:25]} 25. Qxg5+ {[%emt 0:00:06]} Kf7 {[%emt 0:00:35]} 26. Nxd5 {[%emt 0:20:50]} cxd5 {[%emt 0:05:02]} 27. Qxd5+ {[%emt 0:00:08]} Kg7 {[%emt 0:02:15]} 28. Qg5+ {[%emt 0:00:09]} Kf7 {[%emt 0:01:40]} 29. Qd5+ {[%emt 0:00:46]} Kg7 {[%emt 0:00:44]} 30. Qg5+ {[%emt 0:00:22]} Kf7 {[%emt 0:00:34]} 31. Qd5+ {[%emt 0:02:17]} 1/2-1/2

[Event "CZE-ch Youth B16 2022"]
[Site "Luhacovice"]
[Date "2022.03.16"]
[Round "6.9"]
[White "Zezula, Jakub"]
[Black "Pelc, Adam"]
[Result "1-0"]
[WhiteElo "1891"]
[BlackElo "1811"]
[Annotator "NA"]
[PlyCount "75"]
[EventDate "2022.03.12"]
[EventType "swiss"]
[EventCountry "CZE"]
[SourceTitle "playchess.com"]
[Source "ChessBase"]
[SourceQuality "1"]
[TimeControl "40/5400+30:1800+30"]

1. e4 c5 2. Nf3 g6 3. d4 cxd4 4. Nxd4 Bg7 5. c4 Nc6 6. Be3 d6 7. Nc3 Bd7 8. Be2 Nf6 9. Nc2 Rc8 10. O-O O-O 11. Rc1 Ne5 12. b3 a6 13. Nd4 Nc6 14. f3 Qa5 15. Qd2 Rfd8 16. Rfd1 Be8 17. Kh1 e6 18. Nxc6 Bxc6 19. b4 Qh5 20. b5 axb5 21. cxb5 Be8 22. a4 d5 23. f4 Qh4 24. e5 Nd7 25. a5 d4 26. Bxd4 Nxe5 27. g3 Qh6 28. fxe5 Qxd2 29. Rxd2 $16 Bh6 30. Rcd1 Bxd2 31. Rxd2 Kf8 32. Ne4 Rc1+ 33. Kg2 Rd5 34. Nf6 Bxb5 35. Nxd5 Bxe2 36. Nf6 Bf1+ 37. Kf2 Kg7 38. Be3 1-0

[Event "CZE-ch Youth B16 2022"]
[Site "Luhacovice"]
[Date "2022.03.16"]
[Round "6.10"]
[White "Mametev, Artem"]
[Black "Simek, Viktor"]
[Result "1/2-1/2"]
[WhiteElo "1848"]
[BlackElo "1527"]
[Annotator "NA"]
[PlyCount "67"]
[EventDate "2022.03.12"]
[EventType "swiss"]
[EventCountry "CZE"]
[SourceTitle "playchess.com"]
[Source "ChessBase"]
[SourceQuality "1"]
[TimeControl "40/5400+30:1800+30"]

1. e4 {[%emt 0:00:03]} e5 {[%emt 0:00:05]} 2. Nf3 {[%emt 0:00:01]} Nc6 {[%emt 0:00:05]} 3. d4 {[%emt 0:00:03]} exd4 {[%emt 0:00:05]} 4. Nxd4 {[%emt 0:00:02]} Bc5 {[%emt 0:00:06]} 5. Nxc6 {[%emt 0:00:02]} Qf6 {[%emt 0:00:15]} 6. Qd2 {[%emt 0:00:10]} dxc6 {[%emt 0:01:17]} 7. Nc3 {[%emt 0:00:42]} Be6 {[%emt 0:04:20]} 8. Na4 {[%emt 0:00:12]} Rd8 {[%emt 0:01:33]} 9. Bd3 {[%emt 0:00:06]} Bd4 {[%emt 0:00:05]} 10. O-O {[%emt 0:00:14]} a6 {[%emt 0:00:42]} 11. Qa5 {[%emt 0:01:03]} Qe5 {[%emt 0:03:49]} 12. Qxe5 {[%emt 0:03:25]} Bxe5 {[%emt 0:00:08]} 13. Be3 {[%emt 0:07:08]} (13. Nc5 $5 {[%cal Rc5b7]}) 13... Nf6 {[%emt 0:09:40]} 14. h3 {[%emt 0:08:34]} O-O {[%emt 0:07:50]} 15. Nc5 {[%emt 0:15:35]} Bc8 {[%emt 0:03:51]} 16. f4 {[%emt 0:10:20]} Bd4 {[%emt 0:07:48]} (16... Bxb2 $15 17. Rab1 Bd4 18. Bxd4 Rxd4) 17. Bxd4 {[%emt 0:00:08]} Rxd4 {[%emt 0:00:05]} 18. Rad1 {[%emt 0:05:27]} b6 {[%emt 0:09:44]} 19. c3 {[%emt 0:01:43]} Rdd8 {[%emt 0:01:37]} 20. Nb3 {[%emt 0:03:10]} c5 {[%emt 0:01:37]} 21. Bc2 {[%emt 0:02:47]} Bb7 {[%emt 0:07:01]} 22. e5 {[%emt 0:04:55]} Rxd1 {[%emt 0:04:31]} 23. Rxd1 {[%emt 0:00:22]} Nd5 {[%emt 0:00:16]} 24. g3 {[%emt 0:05:44]} Ne3 {[%emt 0:03:39]} 25. Rd2 {[%emt 0:00:10]} Nxc2 {[%emt 0:08:32]} 26. Rxc2 {[%emt 0:00:01]} Rd8 {[%emt 0:00:58]} 27. Rd2 {[%emt 0:00:01]} Rxd2 {[%emt 0:00:24]} 28. Nxd2 {[%emt 0:00:02]} Kf8 {[%emt 0:00:05]} 29. Kf2 {[%emt 0:00:28]} Ke7 {[%emt 0:00:13]} 30. Ke3 {[%emt 0:00:16]} Bg2 {[%emt 0:00:47]} 31. h4 {[%emt 0:01:39]} Ke6 $11 {[%emt 0:00:38]} 32. g4 {[%emt 0:01:16]} Bh3 {[%emt 0:02:15]} 33. Kf3 {[%emt 0:02:28]} h5 {[%emt 0:00:10]} 34. gxh5 {[%emt 0:00:24]} 1/2-1/2

[Event "CZE-ch Youth B16 2022"]
[Site "Luhacovice"]
[Date "2022.03.16"]
[Round "6.11"]
[White "Kubiczek, Michal"]
[Black "Mrazek, Roman"]
[Result "1-0"]
[WhiteElo "1720"]
[BlackElo "1820"]
[Annotator "NA"]
[PlyCount "51"]
[EventDate "2022.03.12"]
[EventType "swiss"]
[EventCountry "CZE"]
[SourceTitle "playchess.com"]
[Source "ChessBase"]
[SourceQuality "1"]
[TimeControl "40/5400+30:1800+30"]

1. d4 {[%emt 0:00:09]} d5 {[%emt 0:00:24]} 2. c4 {[%emt 0:00:08]} c6 {[%emt 0:00:03]} 3. Nf3 {[%emt 0:00:09]} Nf6 {[%emt 0:00:04]} 4. g3 {[%emt 0:00:06]} Bf5 {[%emt 0:00:16]} 5. Nc3 {[%emt 0:00:13]} e6 {[%emt 0:00:47]} 6. Nh4 {[%emt 0:00:15]} Bg4 {[%emt 0:02:32] 6...dxc4 is a critical line.} 7. f3 {[%emt 0:01:23]} Bh5 {[%emt 0:00:14]} 8. Qb3 {[%emt 0:00:33]} Qb6 {[%emt 0:02:35]} 9. g4 {[%emt 0:00:39]} Bg6 {[%emt 0:01:28]} 10. Qxb6 {[%emt 0:00:28]} axb6 {[%emt 0:00:17]} 11. g5 {[%emt 0:00:23]} Nfd7 {[%emt 0:01:58]} 12. cxd5 {[%emt 0:00:43]} exd5 {[%emt 0:01:48]} 13. e4 {[%emt 0:00:16]} dxe4 {[%emt 0:04:46]} 14. fxe4 {[%emt 0:00:14] [#]} Bb4 $146 {[%emt 0:01:56]} ({Predecessor:} 14... b5 15. Bg2 Na6 16. Be3 Be7 17. Nxg6 hxg6 18. h4 Nb6 19. d5 Nc4 20. Bd4 Bc5 21. Bxg7 {½-½ (53) Samunenkov,I (2293)-Yurovskich,O (2285) Omelnyk 2021}) 15. Bg2 {[%emt 0:02:43]} c5 {[%emt 0:08:57]} 16. Nxg6 {[%emt 0:20:40]} (16. O-O $14) 16... hxg6 {[%emt 0:02:04]} 17. O-O {[%emt 0:08:05]} cxd4 {[%emt 0:09:15]} 18. Nd5 {[%emt 0:04:58]} Bd6 {[%emt 0:08:18]} 19. Bf4 {[%emt 0:02:20]} Ne5 $15 {[%emt 0:02:48]} 20. Rac1 {[%emt 0:09:43]} Nbc6 {[%emt 0:03:38]} 21. b4 {[%emt 0:01:40]} b5 {[%emt 0:02:18]} 22. Rf2 {[%emt 0:10:16]} O-O {[%emt 0:06:54]} 23. Rxc6 {[%emt 0:03:00]} bxc6 {[%emt 0:02:05]} 24. Bxe5 {[%emt 0:00:06]} Bxe5 {[%emt 0:01:19]} 25. Ne7+ {[%emt 0:00:12]} Kh7 {[%emt 0:03:59]} 26. Rf3 {[%emt 0:00:12]} 1-0

[Event "CZE-ch Youth B16 2022"]
[Site "Luhacovice"]
[Date "2022.03.16"]
[Round "6.12"]
[White "Oborny, Stanislav"]
[Black "Zrubek, Adam"]
[Result "1/2-1/2"]
[WhiteElo "1674"]
[BlackElo "1661"]
[Annotator "NA"]
[PlyCount "84"]
[EventDate "2022.03.12"]
[EventType "swiss"]
[EventCountry "CZE"]
[SourceTitle "playchess.com"]
[Source "ChessBase"]
[SourceQuality "1"]
[TimeControl "40/5400+30:1800+30"]

1. e4 c5 2. Nf3 d6 3. Bb5+ Bd7 4. Bxd7+ Qxd7 5. c4 Nc6 6. d4 cxd4 7. Nxd4 Nf6 8. Nc3 g6 9. f3 Bg7 10. Be3 O-O 11. O-O Rac8 12. b3 a6 13. a4 Qc7 14. Qd2 Rfd8 15. Rfd1 Rd7 16. Rac1 Qd8 17. Nde2 Nb4 18. Nd5 Nbxd5 19. cxd5 Rxc1 20. Rxc1 Rc7 21. Kf2 Qc8 22. Rxc7 Qxc7 23. Qc1 Qxc1 24. Nxc1 Kf8 25. Ke2 e6 26. dxe6 fxe6 27. Kd3 Ke8 28. b4 Nd7 29. f4 Kd8 30. Nb3 Kc7 31. Nd4 Bxd4 32. Bxd4 e5 33. fxe5 dxe5 34. Bc3 Kd6 35. h3 Nf6 36. g4 Ne8 37. Bd2 Nc7 38. Be3 Ne6 39. g5 b5 40. axb5 axb5 41. Ke2 Nd8 42. Kf3 Ne6 1/2-1/2

[Event "CZE-ch Youth B16 2022"]
[Site "Luhacovice"]
[Date "2022.03.17"]
[Round "7.1"]
[White "Smolik, Jachym"]
[Black "Le, Anh Dung"]
[Result "1/2-1/2"]
[WhiteElo "2277"]
[BlackElo "1998"]
[Annotator "ChessBase"]
[PlyCount "60"]
[EventDate "2022.03.12"]
[EventType "swiss"]
[EventCountry "CZE"]
[SourceTitle "playchess.com"]
[Source "ChessBase"]
[SourceQuality "1"]
[TimeControl "40/5400+30:1800+30"]

1. d4 Nf6 2. Nf3 d5 3. c4 e6 4. Bg5 c6 5. e3 Nbd7 6. Nbd2 Be7 7. Rc1 c5 8. Bd3 O-O 9. O-O b6 10. Qe2 Bb7 11. Bb1 Ne4 12. Bxe7 Qxe7 13. Nxe4 dxe4 14. Nd2 f5 15. Rfd1 e5 16. d5 Qd6 17. Nf1 Nf6 18. Ng3 g6 19. Kh1 Ne8 20. a3 Qf6 21. Rg1 Nd6 22. f3 exf3 23. gxf3 Kh8 24. Rg2 Qh4 25. b3 Rae8 26. Rcg1 Bc8 27. Qb2 Qf6 28. a4 a5 29. Ne2 Bd7 30. Bc2 Re7 1/2-1/2

[Event "CZE-ch Youth B16 2022"]
[Site "Luhacovice"]
[Date "2022.03.17"]
[Round "7.2"]
[White "Winter, Ondrej"]
[Black "Soucek, Petr"]
[Result "0-1"]
[WhiteElo "2147"]
[BlackElo "2194"]
[Annotator "ChessBase"]
[PlyCount "68"]
[EventDate "2022.03.12"]
[EventType "swiss"]
[EventCountry "CZE"]
[SourceTitle "playchess.com"]
[Source "ChessBase"]
[SourceQuality "1"]
[TimeControl "40/5400+30:1800+30"]

1. e4 {[%emt 0:00:03]} e5 {[%emt 0:00:05]} 2. Nf3 {[%emt 0:00:04]} Nc6 {[%emt 0:00:03]} 3. Bc4 {[%emt 0:00:04]} Bc5 {[%emt 0:00:06]} 4. O-O {[%emt 0:00:12]} Nf6 {[%emt 0:00:06]} 5. d3 {[%emt 0:00:03]} O-O {[%emt 0:00:05]} 6. Re1 {[%emt 0:01:32]} h6 {[%emt 0:07:04]} 7. c3 {[%emt 0:01:25]} d6 {[%emt 0:03:13]} 8. Nbd2 {[%emt 0:00:44]} Be6 {[%emt 0:03:50]} 9. a4 {[%emt 0:10:51]} Ng4 {[%emt 0:15:17]} 10. Re2 {[%emt 0:01:59]} Bxc4 {[%emt 0:00:49]} 11. Nxc4 {[%emt 0:10:21]} d5 {[%emt 0:00:28]} 12. Ne3 {[%emt 0:17:42]} dxe4 {[%emt 0:09:07]} 13. dxe4 {[%emt 0:00:17]} Qxd1+ {[%emt 0:04:52]} 14. Nxd1 {[%emt 0:00:12]} Rfd8 {[%emt 0:04:34]} 15. Ne3 {[%emt 0:00:17]} Bxe3 {[%emt 0:04:42]} 16. Bxe3 {[%emt 0:00:58]} Na5 {[%emt 0:00:48]} 17. h3 {[%emt 0:10:16]} Nxe3 {[%emt 0:03:15]} 18. Rxe3 {[%emt 0:00:03]} f6 {[%emt 0:00:38]} 19. Ree1 {[%emt 0:20:01]} Rd6 {[%emt 0:02:05]} 20. Kf1 {[%emt 0:00:21]} Rad8 {[%emt 0:00:20]} 21. Ke2 {[%emt 0:01:00]} Nb3 {[%emt 0:01:10]} 22. Rad1 {[%emt 0:12:06]} Nc5 {[%emt 0:06:40]} 23. Rxd6 {[%emt 0:00:29]} Rxd6 {[%emt 0:00:04]} 24. Nd2 {[%emt 0:01:35]} Nxa4 {[%emt 0:03:52]} 25. Ra1 {[%emt 0:04:00]} Ra6 {[%emt 0:00:11]} 26. Nb3 {[%emt 0:04:32]} Kf7 {[%emt 0:08:27]} 27. Kd2 {[%emt 0:00:10]} Nxb2 {[%emt 0:09:35]} 28. Rxa6 {[%emt 0:00:15]} bxa6 {[%emt 0:00:04]} 29. Kc2 {[%emt 0:01:25]} Na4 {[%emt 0:02:02]} 30. c4 {[%emt 0:00:15]} Ke6 {[%emt 0:00:35]} 31. f3 {[%emt 0:01:31]} Kd6 {[%emt 0:00:12]} 32. Na5 {[%emt 0:00:42]} Nc5 {[%emt 0:00:28]} 33. Kc3 {[%emt 0:00:31]} c6 {[%emt 0:00:40]} 34. Kc2 {[%emt 0:01:01]} Kc7 {[%emt 0:00:14]} 0-1

[Event "CZE-ch Youth B16 2022"]
[Site "Luhacovice"]
[Date "2022.03.17"]
[Round "7.3"]
[White "Dolensky, Filip"]
[Black "Hak, David"]
[Result "1/2-1/2"]
[WhiteElo "2021"]
[BlackElo "2132"]
[Annotator "NA"]
[PlyCount "56"]
[EventDate "2022.03.12"]
[EventType "swiss"]
[EventCountry "CZE"]
[SourceTitle "playchess.com"]
[Source "ChessBase"]
[SourceQuality "1"]
[TimeControl "40/5400+30:1800+30"]

1. e4 {[%emt 0:00:08]} c5 {[%emt 0:00:01]} 2. Nf3 {[%emt 0:00:08]} e6 {[%emt 0:00:30]} 3. c3 {[%emt 0:01:26]} d5 {[%emt 0:02:36]} 4. exd5 {[%emt 0:00:47]} exd5 {[%emt 0:00:30]} 5. d4 {[%emt 0:00:09]} Nf6 {[%emt 0:00:57]} 6. Bb5+ {[%emt 0:01:52]} Bd7 {[%emt 0:00:33]} 7. Bxd7+ {[%emt 0:00:08]} Nbxd7 {[%emt 0:00:54]} 8. O-O {[%emt 0:01:10]} Be7 {[%emt 0:00:26]} 9. dxc5 {[%emt 0:00:07]} Nxc5 {[%emt 0:00:31]} 10. Be3 {[%emt 0:01:53]} O-O {[%emt 0:03:21]} 11. Nbd2 {[%emt 0:00:39]} Nfe4 {[%emt 0:10:29]} 12. Nb3 $14 {[%emt 0:02:20]} Ne6 {[%emt 0:12:57]} 13. Nbd4 {[%emt 0:02:13]} Bd6 {[%emt 0:01:11]} 14. Nf5 {[%emt 0:02:23]} Kh8 {[%emt 0:09:53]} 15. Nxd6 {[%emt 0:01:15]} Qxd6 {[%emt 0:00:06]} 16. Qb3 {[%emt 0:02:48]} f5 {[%emt 0:21:50]} 17. Rad1 {[%emt 0:04:57]} Nc7 {[%emt 0:12:45]} 18. Bd4 {[%emt 0:04:12]} Rfe8 {[%emt 0:04:42]} 19. c4 {[%emt 0:12:00]} dxc4 {[%emt 0:01:24]} 20. Qxc4 {[%emt 0:01:39]} Qe7 {[%emt 0:01:17]} 21. Ne5 {[%emt 0:10:50]} Ne6 {[%emt 0:00:28]} 22. Be3 {[%emt 0:07:53]} Rac8 {[%emt 0:00:49]} 23. Qb3 {[%emt 0:01:51]} N6c5 {[%emt 0:00:21]} 24. Nf7+ {[%emt 0:02:12]} Kg8 {[%emt 0:00:02]} 25. Nh6+ {[%emt 0:00:46]} Kh8 {[%emt 0:00:01]} 26. Nf7+ {[%emt 0:08:10]} Kg8 {[%emt 0:00:01]} 27. Nh6+ {[%emt 0:01:19]} Kh8 {[%emt 0:00:01]} 28. Nf7+ {[%emt 0:01:05]} Kg8 {[%emt 0:00:02]} 1/2-1/2